| 000 | 00408nam a2200145Ia 4500 | ||
|---|---|---|---|
| 008 | 100415s9999 xx 000 0 und d | ||
| 082 |
_b5651 _a954 |
||
| 100 | _aRousselet,Louis | ||
| 245 | _aIndia And Its Native Princes Vol. 1 | ||
| 260 |
_aLONDON _c1876 _bCHAPMAN & HALL |
||
| 365 | _b0 | ||
| 630 | _aIndia And Its Native Princes Vol. 1 | ||
| 730 | _aIndia And Its Native Princes Vol. 1 | ||
| 942 | _cBOOK | ||
| 999 |
_c588627 _d588624 |
||